| 000 | 00880nam a22002537a 4500 | ||
|---|---|---|---|
| 005 | 20100811120421.0 | ||
| 010 | _aENG-99696 | ||
| 020 |
_a9788187332510 _c200.00 |
||
| 020 |
_a8187332514 _c200.00 |
||
| 035 | _aEN-83228 | ||
| 037 | _bDBAD/PUB | ||
| 082 | _a126 | ||
| 245 |
_aConsciousness : _ba deeper scientific search / _cedited by Jonathan Shear [and] S.P. Mukherjee |
||
| 260 |
_aKolkatta _bThe Ramakrishna Mission Institute Of Culture _c2006 |
||
| 270 |
_aGol Park _bKolkatta _e700029 |
||
| 300 |
_ax,538p.: _bill. _c22cm (pbk) _ephotos |
||
| 650 |
_aConsciousness _910771 |
||
| 650 |
_aSelf -realization _910772 |
||
| 650 |
_aPhilosophy & science _910773 |
||
| 700 |
_aShear, Jonathan _910769 |
||
| 700 |
_aMukherjee, S.P. _910770 |
||
| 942 |
_2ddc _cEN _h126 _mCON |
||
| 999 |
_c40917 _d40917 |
||